| 000 | 00664nam a2200229 a 4500 | ||
|---|---|---|---|
| 005 | 20240925070126.0 | ||
| 008 | 010607s19942000 r 000 0 eng d | ||
| 020 | _a8436808290 | ||
| 035 | _aUPN01000107703 | ||
| 049 | _aCG | ||
| 050 | 4 |
_aBF575 A3 _bP4.7 |
|
| 245 | 0 | 0 |
_aPersonalidades violentas / _cEnrique Echeburúa ... [et al.]. |
| 260 |
_aMadrid : _bPirámide, _c1994 (2000 impr.). |
||
| 300 | _a301 p. | ||
| 440 | 0 | _aPsicología | |
| 650 | 4 |
_aViolencia _97151 |
|
| 650 | 4 |
_aAgresividad (Psicología) _92250 |
|
| 650 | 4 |
_aPsicoanálisis _91572 |
|
| 650 | 4 |
_aPsicología social _95889 |
|
| 700 | 1 |
_aEcheburúa Odrizola, Enrique, _ecoaut. |
|
| 905 | _aLibro | ||
| 999 |
_c81615 _d81615 |
||